Choosing A Medical Specialty (Record no. 54924)
[ view plain ]
| 000 -LEADER | |
|---|---|
| fixed length control field | 00326nam a22001457a 4500 |
| 008 - FIXED-LENGTH DATA ELEMENTS--GENERAL INFORMATION | |
| fixed length control field | 190925b ||||| |||| 00| 0 eng d |
| 020 ## - INTERNATIONAL STANDARD BOOK NUMBER | |
| International Standard Book Number | 9780071790277 |
| 041 ## - LANGUAGE CODE | |
| Language code of text/sound track or separate title | eng |
| 080 ## - UNIVERSAL DECIMAL CLASSIFICATION NUMBER | |
| Universal Decimal Classification number | 615.03 |
| 082 ## - DEWEY DECIMAL CLASSIFICATION NUMBER | |
| Edition number | 615.03 |
| 100 ## - Rafti | |
| Rafti | 3 |
| 101 ## - Shkurtesa | |
| Shkurtesa | SH.M. |
| 245 ## - TITLE STATEMENT | |
| Title | Choosing A Medical Specialty |
| Statement of responsibility, etc | Freeman.B.S |
| 942 ## - ADDED ENTRY ELEMENTS (KOHA) | |
| Source of classification or shelving scheme | |
| Item type | Books |
| Withdrawn status | Lost status | Source of classification or shelving scheme | Damaged status | Not for loan | Permanent location | Current location | Shelving location | Date acquired | Total Checkouts | Full call number | Barcode | Date last seen | Price effective from | Koha item type |
|---|---|---|---|---|---|---|---|---|---|---|---|---|---|---|
| UBT - Prizren | UBT - Prizren | Koleksioni i përgjithshem | 09/25/2019 | 615.03 FRE | 002-3020134 | 09/25/2019 | 09/25/2019 | Books | ||||||
| UBT - Prizren | UBT - Prizren | Koleksioni i përgjithshem | 09/25/2019 | 615.03 FRE | 002-3020129 | 09/25/2019 | 09/25/2019 | Books | ||||||
| UBT - Prizren | UBT - Prizren | Koleksioni i përgjithshem | 09/25/2019 | 615.03 FRE | 002-3020124 | 09/25/2019 | 09/25/2019 | Books | ||||||
| UBT - Prizren | UBT - Prizren | Koleksioni i përgjithshem | 09/25/2019 | 615.03 FRE | 002-3020183 | 09/25/2019 | 09/25/2019 | Books | ||||||
| UBT - Prizren | UBT - Prizren | Koleksioni i përgjithshem | 09/25/2019 | 615.03 FRE | 002-3020178 | 09/25/2019 | 09/25/2019 | Books | ||||||
| UBT - Prizren | UBT - Prizren | Koleksioni i përgjithshem | 09/25/2019 | 615.03 FRE | 002-3020173 | 09/25/2019 | 09/25/2019 | Books | ||||||
| UBT - Prizren | UBT - Prizren | Koleksioni i përgjithshem | 09/25/2019 | 615.03 FRE | 002-3020168 | 09/25/2019 | 09/25/2019 | Books | ||||||
| UBT - Prizren | UBT - Prizren | Koleksioni i përgjithshem | 09/25/2019 | 615.03 FRE | 002-3020163 | 09/25/2019 | 09/25/2019 | Books | ||||||
| UBT - Prizren | UBT - Prizren | Koleksioni i përgjithshem | 09/25/2019 | 615.03 FRE | 002-3020158 | 09/25/2019 | 09/25/2019 | Books |